000 00319nam a22001337a 4500
008 180927b xxu||||| |||| 00| 0 eng d
020 _a9780609800690
041 _aeng
080 _a610
100 _a4
101 _aSHM
245 _aThe PDR Family Guide Encyclopedia of Medical Care
_cSifton, D.W
942 _2udc
_cBK
999 _c48583
_d48583